| 000 | 00482nam a22001577a 4500 | ||
|---|---|---|---|
| 999 |
_c524877 _d524877 |
||
| 003 | NUST | ||
| 038 | _aMr. Zahoor | ||
| 082 | _a621 | ||
| 100 |
_aMohsin Manzoor _915673 |
||
| 245 |
_aRobot Motion Planning in Dynamic Pedestrian Environment Using PO/MDP Based Techniques / _cAsif Raza Khan |
||
| 260 |
_aIslamabad : _bCEME - NUST, _c2016. |
||
| 300 |
_ax, 49 p. : ill. ; _c30 cm. |
||
| 500 | _aHardcover. | ||
| 600 |
_aMechatronics Engineering - MS Thesis _915674 |
||
| 942 |
_2ddc _cTHE |
||